[Event "BL 8384 Porz-Sindelfingen"]
[Site "?"]
[Date "1983.??.??"]
[Round "?.1"]
[White "Fahnenschmidt, G."]
[Black "Hort, V."]
[Result "0-1"]
[WhiteElo "2325"]
[BlackElo "2595"]
[PlyCount "110"]
[EventDate "1983.??.??"]

1. d4 Nf6 2. c4 e6 3. Nf3 b6 4. Nc3 Bb7 5. e3 Be7 6. Bd3 d5 7. O-O O-O 8. b3 c5
9. Bb2 Nc6 10. cxd5 exd5 11. dxc5 bxc5 12. Rc1 Nb4 13. Bb1 Re8 14. Na4 Nd7 15.
a3 Na6 16. Qd3 Nf8 17. Rfd1 Rc8 18. Qf5 g6 19. Qe5 d4 20. exd4 Bd6 21. Qg5 Qxg5
22. Nxg5 Bf4 23. Rxc5 Nxc5 24. Nxc5 Bxg5 25. Nxb7 Re2 26. Ba1 Rc1 27. Rxc1 Bxc1
28. Kf1 Re7 29. Nc5 Bxa3 30. Bc3 Ne6 31. Nxe6 Rxe6 32. Bd3 Rb6 33. Bc4 Bb4 34.
Bxb4 Rxb4 35. Ke2 Kf8 36. Kd3 Ke7 37. h4 h6 38. g4 a5 39. Kc3 Rb8 40. Kd3 Rb7
41. g5 h5 42. f3 Rc7 43. Kc3 f6 44. f4 f5 45. Kd3 Kd6 46. Bg8 Rb7 47. Bc4 Re7
48. Bg8 Re4 49. Bf7 Rxf4 50. Bxg6 Rxh4 51. Bxf5 Rf4 52. Be4 h4 53. g6 h3 54. g7
Rg4 55. Bf5 Rxg7 0-1

[Event "BL 8384 Porz-Sindelfingen"]
[Site "?"]
[Date "1983.??.??"]
[Round "?.2"]
[White "Miles, A."]
[Black "Ullrich, F."]
[Result "1-0"]
[WhiteElo "2585"]
[BlackElo "2275"]
[PlyCount "41"]
[EventDate "1983.??.??"]

1. d4 d5 2. c4 dxc4 3. e4 e5 4. Nf3 exd4 5. Bxc4 Bb4+ 6. Nbd2 Nc6 7. O-O Bxd2
8. Bxd2 Be6 9. Bxe6 fxe6 10. Qb3 Qd7 11. Rac1 Nge7 12. Ng5 Nd8 13. Qg3 Rc8 14.
Bb4 Nec6 15. Ba3 Nf7 16. Rfd1 g6 17. h4 Nxg5 18. Qxg5 a6 19. Rxc6 bxc6 20. Rxd4
Qf7 21. Qe5 1-0

[Event "BL 8384 Münster-Lasker"]
[Site "?"]
[Date "1983.??.??"]
[Round "?.1"]
[White "Wockenfuss, K."]
[Black "Wiemer, R."]
[Result "0-1"]
[WhiteElo "2355"]
[BlackElo "2290"]
[PlyCount "68"]
[EventDate "1983.??.??"]

1. d4 d5 2. Nf3 Nf6 3. c4 c6 4. Nc3 dxc4 5. e4 b5 6. e5 Nd5 7. Ng5 f6 8. Nge4
f5 9. Ng5 e6 10. h4 Na6 11. Be2 Be7 12. Bh5+ g6 13. Be2 Nab4 14. Nf3 Nxc3 15.
bxc3 Nd5 16. Qc2 a5 17. a3 Ba6 18. Bh6 Bf8 19. Bxf8 Kxf8 20. Qc1 h6 21. Rh3 Qe7
22. Rg3 Kf7 23. Rh3 b4 24. axb4 axb4 25. cxb4 Qxb4+ 26. Kf1 Bb5 27. Rxa8 Rxa8
28. Kg1 f4 29. h5 c3 30. Bxb5 cxb5 31. hxg6+ Kg7 32. Ng5 Qb2 33. Nxe6+ Kg8 34.
Rxc3 Qxc3 0-1

[Event "BL 8384 Enger-Braunschweig"]
[Site "?"]
[Date "1983.??.??"]
[Round "?.1"]
[White "Eng, H."]
[Black "Smejkal, J."]
[Result "1/2-1/2"]
[WhiteElo "2280"]
[BlackElo "2560"]
[PlyCount "33"]
[EventDate "1983.??.??"]

1. Nf3 Nf6 2. c4 g6 3. Nc3 d5 4. cxd5 Nxd5 5. e4 Nxc3 6. dxc3 Qxd1+ 7. Kxd1 Nd7
8. Bf4 c6 9. a4 a5 10. Bc4 f6 11. Be3 e5 12. Be6 Bd6 13. Nd2 Ke7 14. Bxd7 Bxd7
15. Nc4 Be6 16. Nxd6 Kxd6 17. Ke2 1/2-1/2

[Event "BL 8384 Enger-Braunschweig"]
[Site "?"]
[Date "1983.??.??"]
[Round "?.2"]
[White "Short, N."]
[Black "Schruefer, G."]
[Result "1-0"]
[WhiteElo "2475"]
[BlackElo "2205"]
[PlyCount "95"]
[EventDate "1983.??.??"]

1. e4 c5 2. Nf3 d6 3. d4 cxd4 4. Nxd4 Nf6 5. Nc3 a6 6. g3 e5 7. Nde2 Be7 8. Bg2
b5 9. a4 b4 10. Nd5 Nxd5 11. Qxd5 Ra7 12. Be3 Be6 13. Qd3 Rd7 14. Rd1 Qa5 15.
b3 O-O 16. f4 f6 17. O-O Rfd8 18. c4 Rf8 19. f5 Bf7 20. g4 Bd8 21. Kh1 Bb6 22.
h4 Bxe3 23. Qxe3 Qc7 24. g5 a5 25. Rg1 Bh5 26. Bf3 Qa7 27. Qd3 Bxf3+ 28. Qxf3
Kh8 29. Rg3 Na6 30. Rg4 Nc5 31. Ng3 Qa8 32. Rg1 Qe8 33. Qe3 Rb7 34. Kh2 Rd7 35.
Kh3 Rb7 36. Nf1 Nxa4 37. gxf6 Rxf6 38. bxa4 Qxa4 39. Nd2 Qc6 40. Nb3 a4 41. Na5
Qb6 42. Qg3 Qxa5 43. Rxg7 Rg6 44. Rxh7+ Rxh7 45. fxg6 Rc7 46. g7+ Kg8 47. Qg6
Qa8 48. Qh6 1-0

[Event "BL 8384 Lasker-Enger"]
[Site "?"]
[Date "1983.??.??"]
[Round "?.1"]
[White "Smejkal, J."]
[Black "Wockenfuss, K."]
[Result "1/2-1/2"]
[WhiteElo "2560"]
[BlackElo "2355"]
[PlyCount "101"]
[EventDate "1983.??.??"]

1. Nf3 Nf6 2. c4 c5 3. Nc3 e6 4. g3 d5 5. d4 Nc6 6. Bg2 Be7 7. O-O O-O 8. cxd5
exd5 9. dxc5 Bxc5 10. Bg5 d4 11. Ne4 Be7 12. Bxf6 Bxf6 13. Ne1 Re8 14. Nd3 Be7
15. Rc1 Bf8 16. Qd2 Rb8 17. Nec5 Bxc5 18. Nxc5 Qe7 19. Rfe1 Rd8 20. Rc4 b5 21.
Rcc1 Ne5 22. Nd3 Bb7 23. Qb4 Qxb4 24. Nxb4 Bxg2 25. Kxg2 Rbc8 26. f4 a5 27.
Rxc8 Rxc8 28. fxe5 axb4 29. Rd1 g5 30. Rxd4 Rc2 31. Rxb4 Rxe2+ 32. Kf3 Rxe5 33.
b3 Kg7 34. a4 bxa4 35. bxa4 Re1 36. h4 gxh4 37. Rxh4 Kg6 38. Rc4 f6 39. Rg4+
Kf7 40. Rh4 Kg6 41. Rg4+ Kf7 42. Rh4 Kg6 43. Rc4 h5 44. Rc8 Ra1 45. Ra8 Kg5 46.
a5 Ra3+ 47. Kg2 Kg4 48. Rg8+ Kf5 49. Ra8 Kg4 50. Rg8+ Kf5 51. Rh8 1/2-1/2

[Event "BL 8384 Lasker-Enger"]
[Site "?"]
[Date "1983.??.??"]
[Round "?.2"]
[White "Paulsen, D."]
[Black "Short, N."]
[Result "1/2-1/2"]
[WhiteElo "2375"]
[BlackElo "2475"]
[PlyCount "162"]
[EventDate "1983.??.??"]

1. d4 Nf6 2. c4 e6 3. Nf3 b6 4. g3 Bb7 5. Bg2 Bb4+ 6. Bd2 Be7 7. Nc3 O-O 8. O-O
d5 9. Ne5 Na6 10. Qa4 Qe8 11. Qxe8 Rfxe8 12. Rac1 c5 13. Be3 Ne4 14. Rfd1 Rad8
15. Nb5 f6 16. Nf3 Nd6 17. Nxd6 Bxd6 18. dxc5 Bxc5 19. Bxc5 Nxc5 20. cxd5 Bxd5
21. b4 Na4 22. Rc7 Bxa2 23. Ra1 Bb3 24. e3 e5 25. Nh4 Rd1+ 26. Rxd1 Bxd1 27.
Nf5 Rd8 28. Rxg7+ Kh8 29. Rxa7 Bc2 30. Bc6 Nc3 31. Nh6 Rd1+ 32. Kg2 Rd2 33.
Nf7+ Kg8 34. Nh6+ Kh8 35. g4 Be4+ 36. Bxe4 Nxe4 37. Ra8+ Kg7 38. Nf5+ Kf7 39.
Ra7+ Kf8 40. Ra8+ Kf7 41. Ra7+ Kf8 42. Rxh7 Rxf2+ 43. Kg1 Rb2 44. h4 Rxb4 45.
Kg2 Rb2+ 46. Kf3 Nd2+ 47. Ke2 Ne4+ 48. Kd3 Rb4 49. Ke2 Rb2+ 50. Kd3 Rb4 51. Ra7
Ra4 52. Re7 Kg8 53. g5 fxg5 54. hxg5 Nc5+ 55. Kc3 Ra1 56. Kc4 Rf1 57. Nh6+ Kf8
58. Kd5 Rg1 59. Rf7+ Ke8 60. Rg7 e4 61. Rg8+ Ke7 62. Nf5+ Kf7 63. Rg7+ Kf8 64.
Ke5 Rd1 65. Re7 Rd7 66. Rxd7 Nxd7+ 67. Kd6 Nc5 68. g6 Kg8 69. Kd5 Kf8 70. Kd6
Kg8 71. Kd5 Nd7 72. Ke6 Nf8+ 73. Kf6 Nd7+ 74. Kg5 Ne5 75. Kh6 Ng4+ 76. Kh5 Ne5
77. Kh6 Ng4+ 78. Kg5 Ne5 79. g7 b5 80. Kf4 Nd7 81. Kxe4 Nf6+ 1/2-1/2

[Event "BL 8384 Lasker-Enger"]
[Site "?"]
[Date "1983.??.??"]
[Round "?.3"]
[White "Podzielny, K."]
[Black "Cladouras, P."]
[Result "1-0"]
[WhiteElo "2405"]
[BlackElo "2290"]
[PlyCount "51"]
[EventDate "1983.??.??"]

1. d4 Nf6 2. Nf3 e6 3. c4 Bb4+ 4. Bd2 a5 5. g3 d5 6. Bg2 Nc6 7. cxd5 exd5 8.
O-O O-O 9. Bg5 h6 10. Bxf6 Qxf6 11. a3 Bd6 12. Nc3 Ne7 13. Rc1 Bd7 14. Re1 Bc6
15. Qd3 Ra6 16. e4 dxe4 17. Nxe4 Qg6 18. Nh4 Qh7 19. Qe2 Nf5 20. Qg4 Nxh4 21.
Nf6+ Kh8 22. Nxh7 Nxg2 23. Nxf8 Nxe1 24. Rxe1 Bxf8 25. d5 Bxd5 26. Re8 1-0

[Event "BL 8384 Lasker-Enger"]
[Site "?"]
[Date "1983.??.??"]
[Round "?.4"]
[White "Fette, M."]
[Black "Gruen, G."]
[Result "0-1"]
[WhiteElo "2265"]
[BlackElo "2290"]
[PlyCount "128"]
[EventDate "1983.??.??"]

1. e4 Nf6 2. e5 Nd5 3. d4 d6 4. c4 Nb6 5. exd6 cxd6 6. Nc3 g6 7. Be3 Bg7 8. c5
dxc5 9. dxc5 N6d7 10. Nf3 Nc6 11. Qa4 O-O 12. Be2 Nde5 13. Nxe5 Bxe5 14. Rd1
Qa5 15. Qxa5 Nxa5 16. O-O Be6 17. Bd4 Bxd4 18. Rxd4 Rac8 19. Ne4 Nc6 20. Ra4
Rfd8 21. Rd1 Rxd1+ 22. Bxd1 Rd8 23. Bf3 Bd5 24. Kf1 f5 25. Nc3 Bxf3 26. gxf3
Rd2 27. b4 Rd3 28. Nb5 a6 29. Nc7 Rd7 30. Ne6 Kf7 31. Ng5+ Kg7 32. f4 Rd1+ 33.
Kg2 Rb1 34. a3 Nd4 35. b5 Nxb5 36. c6 bxc6 37. Rxa6 Nd4 38. Ra7 Re1 39. Rd7 c5
40. Rc7 h6 41. Nf3 Re4 42. Nd2 Re2 43. Nc4 Ne6 44. Rxe7+ Kf6 45. Rh7 Nxf4+ 46.
Kf3 Re4 47. Nb6 Ne6 48. Kg2 Nf4+ 49. Kf3 Kg5 50. h4+ Kh5 51. Nd7 Nd5 52. Nxc5
Rxh4 53. Ne6 Ra4 54. Rd7 Rxa3+ 55. Kg2 Nf6 56. Ng7+ Kg5 57. Ne6+ Kg4 58. Rd4+
Ne4 59. Nc5 Kf4 60. Nd3+ Kg5 61. f3 Ra2+ 62. Kg1 Ng3 63. Rd6 Rd2 64. f4+ Kh4
0-1

[Event "BL 8384 Lasker-Enger"]
[Site "?"]
[Date "1983.??.??"]
[Round "?.5"]
[White "Fleck, J."]
[Black "Grzesik, T."]
[Result "1/2-1/2"]
[WhiteElo "2365"]
[BlackElo "2340"]
[PlyCount "43"]
[EventDate "1983.??.??"]

1. e4 e5 2. Nf3 Nc6 3. Bb5 Nd4 4. Bc4 Nxf3+ 5. Qxf3 Qf6 6. Qg3 Bc5 7. d3 d6 8.
Nc3 c6 9. O-O Qg6 10. Qxg6 hxg6 11. Bd2 Bb6 12. Rfe1 Ne7 13. Be3 f6 14. Rad1
Bd7 15. d4 O-O-O 16. Rd2 g5 17. Nd1 exd4 18. Bxd4 Bxd4 19. Rxd4 Kc7 20. Ne3 Ng6
21. Red1 Bc8 22. R4d2 1/2-1/2

[Event "BL 8384 HSK-München 36"]
[Site "?"]
[Date "1983.??.??"]
[Round "?.2"]
[White "Reefschlaeger, H."]
[Black "Robatsch, K."]
[Result "1/2-1/2"]
[WhiteElo "2430"]
[BlackElo "2420"]
[PlyCount "27"]
[EventDate "1983.??.??"]

1. d4 Nf6 2. c4 e6 3. g3 Bb4+ 4. Bd2 Bxd2+ 5. Qxd2 d5 6. Nf3 O-O 7. Bg2 Qe7 8.
O-O Rd8 9. Qc2 Na6 10. Nbd2 c5 11. cxd5 Nxd5 12. dxc5 Nxc5 13. Ne4 Nxe4 14.
Qxe4 1/2-1/2

[Event "BL 8384 HSK-München 36"]
[Site "?"]
[Date "1983.??.??"]
[Round "?.3"]
[White "Bastian, H."]
[Black "Cordes, H."]
[Result "1-0"]
[WhiteElo "2375"]
[BlackElo "2305"]
[PlyCount "67"]
[EventDate "1983.??.??"]

1. e4 c5 2. Nc3 Nc6 3. g3 g6 4. Bg2 Bg7 5. d3 d6 6. f4 e5 7. Nh3 Nd4 8. O-O Ne7
9. f5 gxf5 10. Qh5 h6 11. Rf2 Be6 12. Be3 Qd7 13. Raf1 O-O-O 14. Bxd4 cxd4 15.
exf5 Bxf5 16. Rxf5 Nxf5 17. Nd5 Ne7 18. Nxe7+ Qxe7 19. Rxf7 Qe8 20. Qg4+ Rd7
21. Rxg7 Kc7 22. Nf2 Rf8 23. Rxd7+ Qxd7 24. Qxd7+ Kxd7 25. Bxb7 Rb8 26. Bd5
Rxb2 27. Bb3 h5 28. Ne4 Ke7 29. Kg2 d5 30. Bxd5 Rxc2+ 31. Kh3 a5 32. Kh4 Rxh2+
33. Kg5 Rh3 34. Bc4 1-0

[Event "BL 8384 Delmenhorst-Bayern"]
[Site "?"]
[Date "1983.??.??"]
[Round "?.1"]
[White "Pfleger, He"]
[Black "Hermann, Man"]
[Result "1/2-1/2"]
[WhiteElo "2505"]
[BlackElo "2335"]
[PlyCount "37"]
[EventDate "1983.??.??"]

1. e4 c6 2. c4 d5 3. exd5 cxd5 4. d4 Nf6 5. Nc3 Nc6 6. Nf3 Bg4 7. cxd5 Nxd5 8.
Be2 e6 9. O-O Be7 10. h3 Bh5 11. Qb3 Qb6 12. Qxb6 Nxb6 13. Be3 O-O 14. g4 Bg6
15. Ne5 Nb4 16. Rac1 Rae8 17. f4 N4d5 18. Bd2 Nxc3 19. bxc3 1/2-1/2

[Event "BL 8384 Delmenhorst-Bayern"]
[Site "?"]
[Date "1983.??.??"]
[Round "?.2"]
[White "Meyer, H."]
[Black "Kindermann, S."]
[Result "1/2-1/2"]
[WhiteElo "2340"]
[BlackElo "2500"]
[PlyCount "43"]
[EventDate "1983.??.??"]

1. d4 Nf6 2. c4 e6 3. Nc3 Bb4 4. e3 c5 5. Nge2 cxd4 6. exd4 O-O 7. a3 Be7 8.
Nf4 d5 9. cxd5 Nxd5 10. Ncxd5 exd5 11. Bd3 Bf6 12. O-O Nc6 13. Be3 g6 14. Bc2
Ne7 15. Qf3 Bg7 16. Bb3 Be6 17. Rac1 Qd7 18. Rc5 b6 19. Rc3 Rac8 20. Rfc1 Rxc3
21. Rxc3 Rd8 22. Qd1 1/2-1/2

[Event "BL 8384 Delmenhorst-Bayern"]
[Site "?"]
[Date "1983.??.??"]
[Round "?.3"]
[White "Hecht, H."]
[Black "Juhnke, K."]
[Result "1-0"]
[WhiteElo "2450"]
[BlackElo "2325"]
[PlyCount "51"]
[EventDate "1983.??.??"]

1. f4 d5 2. e3 g6 3. Nf3 Bg7 4. Be2 Nf6 5. O-O O-O 6. d3 c5 7. Ne5 b6 8. Bf3
Bb7 9. c4 e6 10. Nc3 Nfd7 11. d4 cxd4 12. exd4 Nf6 13. f5 Ne4 14. fxe6 fxe6 15.
cxd5 Nxc3 16. bxc3 Bxe5 17. dxe5 Bxd5 18. Bh6 Bxf3 19. Rxf3 Qxd1+ 20. Rxd1 Rc8
21. Rd6 Nc6 22. Rxe6 Rc7 23. Ref6 Rcc8 24. e6 Ne7 25. Rf7 Re8 26. g4 1-0

[Event "BL 8384 Delmenhorst-Bayern"]
[Site "?"]
[Date "1983.??.??"]
[Round "?.4"]
[White "Ditt, E."]
[Black "Bischoff, K."]
[Result "0-1"]
[WhiteElo "2300"]
[BlackElo "2400"]
[PlyCount "94"]
[EventDate "1983.??.??"]

1. c4 g6 2. Nc3 Bg7 3. g3 d6 4. Bg2 Nc6 5. Nf3 Nf6 6. d4 O-O 7. O-O Bg4 8. Be3
Qd7 9. Qa4 Bh3 10. d5 Nb8 11. Qxd7 Bxd7 12. h3 c6 13. Nd4 Rc8 14. Rac1 cxd5 15.
cxd5 Na6 16. a3 Nc5 17. b4 Na4 18. Ncb5 Rxc1 19. Rxc1 a6 20. Nc7 Rc8 21. Nb3
Ne8 22. Nxe8 Rxc1+ 23. Bxc1 Bxe8 24. Na5 Nc3 25. Bf3 Bb5 26. Kf1 b6 27. Nc6 Kf8
28. Be3 Nb1 29. Bxb6 Nxa3 30. Bd4 Bh6 31. Bc3 Nb1 32. Be1 Nd2+ 33. Kg2 Ke8 34.
Na5 Ba4 35. e3 Nxf3 36. Kxf3 Bd1+ 37. Ke4 Be2 38. g4 Kd7 39. Bc3 Bg5 40. f4 Bh4
41. g5 h6 42. Nc6 hxg5 43. f5 gxf5+ 44. Kxf5 e6+ 45. Kf6 exd5 46. Nd4 g4+ 47.
Kxf7 gxh3 0-1

[Event "BL 8384 Delmenhorst-Bayern"]
[Site "?"]
[Date "1983.??.??"]
[Round "?.5"]
[White "Calvo Minguez, R."]
[Black "Tielemann, K."]
[Result "0-1"]
[WhiteElo "2420"]
[BlackElo "2225"]
[PlyCount "82"]
[EventDate "1983.??.??"]

1. e4 c5 2. Nf3 Nc6 3. Bb5 g6 4. O-O Bg7 5. Nc3 Nf6 6. d3 O-O 7. e5 Ne8 8. Bf4
Nc7 9. Qd2 Nd4 10. Ba4 Nxf3+ 11. gxf3 Ne6 12. Bg3 Nd4 13. Kg2 d5 14. Ne2 Nf5
15. Rae1 d4 16. Nf4 e6 17. c4 Qg5 18. Qe2 b5 19. Qe4 Rb8 20. Nh3 Qe7 21. Bxb5
Bb7 22. Qg4 a6 23. Ba4 Ba8 24. b3 h6 25. Re2 Qb7 26. Ng1 Qc7 27. Rfe1 Qe7 28.
h4 h5 29. Qg5 Qb7 30. Qd2 Bh6 31. Qa5 Qe7 32. Kh3 Kh7 33. f4 Bxf4 34. Re4 Bxg3
35. fxg3 Bxe4 36. Rxe4 g5 37. Qd2 gxh4 38. gxh4 Rg8 39. Qf2 Rg4 40. Nf3 Rbg8
41. Bc6 Ne3 {.../53/} 0-1

[Event "BL 8384 Delmenhorst-Bayern"]
[Site "?"]
[Date "1983.??.??"]
[Round "?.6"]
[White "Hickl, T."]
[Black "Klundt, K."]
[Result "1/2-1/2"]
[WhiteElo "2300"]
[BlackElo "2340"]
[PlyCount "76"]
[EventDate "1983.??.??"]

1. Nf3 Nf6 2. c4 g6 3. b4 Bg7 4. Bb2 O-O 5. d4 d6 6. e3 e5 7. dxe5 Ng4 8. Qb3
Nxe5 9. Nxe5 dxe5 10. Be2 a5 11. b5 Nd7 12. Nd2 Re8 13. Rd1 Qg5 14. h4 Qe7 15.
Ne4 Qb4+ 16. Qc3 Nf6 17. Bf3 Rb8 18. a3 Qxc3+ 19. Bxc3 Be6 20. Nxf6+ Bxf6 21.
Bd5 Bxd5 22. cxd5 b6 23. Ke2 Rbd8 24. e4 Rd7 25. h5 Bg7 26. g4 f5 27. gxf5 gxf5
28. h6 Bf8 29. Rh5 fxe4 30. Bxe5 Bxh6 31. Bxc7 Rxc7 32. Rxh6 Rc2+ 33. Rd2 Rxd2+
34. Kxd2 Re5 35. Rxb6 Rxd5+ 36. Kc2 h5 37. a4 Rd4 38. Rh6 Rxa4 1/2-1/2

[Event "BL 8384 Delmenhorst-Bayern"]
[Site "?"]
[Date "1983.??.??"]
[Round "?.7"]
[White "Feustel, B."]
[Black "Schlemermeyer, W."]
[Result "0-1"]
[WhiteElo "2330"]
[BlackElo "2220"]
[PlyCount "100"]
[EventDate "1983.??.??"]

1. Nf3 Nf6 2. c4 c5 3. g3 b6 4. Bg2 Bb7 5. O-O e6 6. Nc3 Be7 7. d4 cxd4 8. Qxd4
d6 9. Rd1 a6 10. b3 Nbd7 11. Ba3 Nc5 12. e4 Qc7 13. e5 dxe5 14. Qxe5 Rc8 15.
Qxc7 Rxc7 16. Ne5 Bxg2 17. Kxg2 Ncd7 18. Nxd7 Bxa3 19. Nxf6+ gxf6 20. Rd3 Rd7
21. Rxd7 Kxd7 22. Rd1+ Kc6 23. Ne4 Be7 24. g4 Rd8 25. Rxd8 Bxd8 26. f4 f5 27.
gxf5 exf5 28. Ng3 Kc5 29. Nxf5 Kb4 30. Nd4 Ka3 31. Kf3 Kxa2 32. b4 a5 33. bxa5
bxa5 34. Ke4 a4 35. c5 a3 36. Nb5 Kb3 37. Nxa3 Kxa3 38. c6 Kb4 39. Ke5 Kc5 40.
c7 Bxc7+ 41. Kf6 Kd5 42. Kxf7 Ke4 43. Kg7 h5 44. Kh6 h4 45. Kh5 Bd8 46. Kg4 Ke3
47. Kh3 Kf2 48. f5 Bf6 49. Kg4 Kg2 50. h3 Kh2 0-1

[Event "BL 8384 Delmenhorst-Bayern"]
[Site "?"]
[Date "1983.??.??"]
[Round "?.8"]
[White "Dornieden, M."]
[Black "Westermeier, A."]
[Result "1/2-1/2"]
[WhiteElo "2290"]
[BlackElo "2285"]
[PlyCount "88"]
[EventDate "1983.??.??"]

1. c4 e6 2. Nf3 Nf6 3. g3 d5 4. Bg2 Be7 5. O-O O-O 6. b3 Nbd7 7. Bb2 c6 8. d3
b5 9. Nbd2 Bb7 10. Rc1 a6 11. Rc2 Qb6 12. Qa1 Rfd8 13. Ne5 Nxe5 14. Bxe5 Rac8
15. cxd5 cxd5 16. Rfc1 Rxc2 17. Rxc2 Rc8 18. Rxc8+ Bxc8 19. Qc3 Bb7 20. b4 Qc6
21. a3 Qxc3 22. Bxc3 Nd7 23. Nb3 f5 24. e3 g5 25. f4 Kf7 26. Kf2 h6 27. Bd4 Bd6
28. Bf3 Kg6 29. Bc5 Nxc5 30. Nxc5 Bc8 31. d4 Kf6 32. Bd1 Ke7 33. Ke1 g4 34. Kd2
Kd8 35. Kc3 Kc7 36. Be2 Kb6 37. Bf1 Kc6 38. h3 h5 39. Nd3 Bd7 40. hxg4 hxg4 41.
Ne5+ Kc7 42. Be2 Be8 43. Nd3 Bd7 44. Nc5 Bc8 1/2-1/2

[Event "BL 8384 München 36-Delmenhorst"]
[Site "?"]
[Date "1983.??.??"]
[Round "?.2"]
[White "Robatsch, K."]
[Black "Meyer, H."]
[Result "0-1"]
[WhiteElo "2420"]
[BlackElo "2340"]
[PlyCount "88"]
[EventDate "1983.??.??"]

1. Nf3 Nf6 2. c4 e6 3. Nc3 d5 4. d4 Be7 5. Bf4 O-O 6. e3 c5 7. dxc5 Bxc5 8. Qc2
Nc6 9. Rd1 Qa5 10. a3 Be7 11. Rd2 Ne4 12. Nxe4 dxe4 13. Qxe4 f5 14. Qc2 e5 15.
Bg5 Bxg5 16. Nxg5 h6 17. Nf3 e4 18. Nd4 Nxd4 19. exd4 f4 20. Qxe4 Bg4 21. Qd5+
Qxd5 22. cxd5 Rfe8+ 23. Be2 f3 24. gxf3 Bxf3 25. Rg1 Rac8 26. Kd1 Rxe2 27. Rxe2
Re8 28. Rge1 Re4 29. Kd2 Bxe2 30. Rxe2 Rxd4+ 31. Kc3 Rxd5 32. Re7 Rc5+ 33. Kd4
Rc2 34. Rxb7 Rxf2 35. b4 Rxh2 36. Rxa7 h5 37. b5 Rb2 38. Kc5 h4 39. Ra4 h3 40.
Rh4 h2 41. Kd4 g5 42. Rh5 g4 43. Kc3 Rf2 44. b6 g3 0-1

[Event "BL 8384 München 36-Delmenhorst"]
[Site "?"]
[Date "1983.??.??"]
[Round "?.3"]
[White "Juhnke, K."]
[Black "Bastian, H."]
[Result "1/2-1/2"]
[WhiteElo "2325"]
[BlackElo "2375"]
[PlyCount "31"]
[EventDate "1983.??.??"]

1. d4 d5 2. c4 e6 3. Nc3 c5 4. cxd5 exd5 5. Nf3 Nc6 6. g3 Nf6 7. Bg2 Be7 8. O-O
O-O 9. Bg5 cxd4 10. Nxd4 h6 11. Be3 Re8 12. Qa4 Bd7 13. Rfd1 Nb4 14. Qb3 a5 15.
a4 Bc6 16. Nc2 1/2-1/2

[Event "BL 8384 Bayern-HSK"]
[Site "?"]
[Date "1983.??.??"]
[Round "?.2"]
[White "Kindermann, S."]
[Black "Reefschlaeger, H."]
[Result "0-1"]
[WhiteElo "2500"]
[BlackElo "2430"]
[PlyCount "112"]
[EventDate "1983.??.??"]

1. e4 e6 2. d4 d5 3. Nd2 Nf6 4. e5 Nfd7 5. c3 c5 6. f4 Nc6 7. Ndf3 Qb6 8. Ne2
f6 9. a3 cxd4 10. cxd4 a5 11. Nc3 Be7 12. Be2 fxe5 13. fxe5 O-O 14. Nb5 Rxf3
15. gxf3 Bh4+ 16. Kf1 Ndxe5 17. Kg2 Ng6 18. Be3 Bd7 19. Qd2 Nce7 20. a4 Nf5 21.
Bd3 Bf6 22. Rhf1 Bxb5 23. Bxb5 Nxe3+ 24. Qxe3 Bxd4 25. Qd2 e5 26. Kh1 Nf4 27.
Rab1 Qg6 28. Rbe1 h6 29. b3 Rc8 30. Re2 Nxe2 31. Qxe2 Rc3 32. Rd1 Qg5 33. Bd3
Qf4 34. Qf1 Kf8 35. Qh3 Ke7 36. Kg2 Qg5+ 37. Qg3 Rxb3 38. Qxg5+ hxg5 39. Bb5
Kd6 40. Rc1 Bc3 41. Rc2 Kc5 42. Kf2 Kd4 43. Ke2 Bb4 44. h3 Rb1 45. Bd7 Rh1 46.
Bf5 e4 47. fxe4 dxe4 48. Be6 Re1+ 49. Kf2 Kd3 50. Ra2 Rd1 51. Bg4 Bc5+ 52. Kg3
Rd2 53. Rxd2+ Kxd2 54. Kg2 b5 55. axb5 e3 56. Kf1 a4 0-1

[Event "BL 8384 Bayern-HSK"]
[Site "?"]
[Date "1983.??.??"]
[Round "?.3"]
[White "Cordes, H."]
[Black "Hecht, H."]
[Result "0-1"]
[WhiteElo "2305"]
[BlackElo "2450"]
[PlyCount "54"]
[EventDate "1983.??.??"]

1. d4 Nf6 2. Nf3 e6 3. Bg5 h6 4. Bxf6 Qxf6 5. e4 d6 6. Nc3 Nd7 7. Qd2 a6 8.
O-O-O Qe7 9. Kb1 g6 10. g4 Bg7 11. h4 b5 12. Ne2 Bb7 13. Ng3 c5 14. Bg2 cxd4
15. Nxd4 Ne5 16. h5 Nc4 17. Qe1 g5 18. b3 Na5 19. Qd2 Qc7 20. Nde2 O-O-O 21. f4
gxf4 22. Qxf4 Be5 23. Qe3 Kb8 24. g5 hxg5 25. Qxg5 Rc8 26. Rd2 Qc5 27. Rf1 Rhg8
0-1

[Event "BL 8384 Bayern-HSK"]
[Site "?"]
[Date "1983.??.??"]
[Round "?.4"]
[White "Bischoff, K."]
[Black "Gruenberg, Ra"]
[Result "1/2-1/2"]
[WhiteElo "2400"]
[BlackElo "2265"]
[PlyCount "45"]
[EventDate "1983.??.??"]

1. c4 c5 2. Nc3 g6 3. g3 Bg7 4. Bg2 Nc6 5. a3 a5 6. d3 e5 7. Nf3 Nge7 8. Nd2 d6
9. Nf1 Rb8 10. Rb1 Be6 11. Ne3 O-O 12. Ned5 b6 13. h4 Bg4 14. Ne3 Bc8 15. h5
Bb7 16. hxg6 fxg6 17. Ned5 Nxd5 18. Bxd5+ Kh8 19. Ne4 Nd4 20. Bxb7 Rxb7 21. Ng5
Bf6 22. Ne4 Bg7 23. Ng5 1/2-1/2

[Event "BL 8384 Bayern-HSK"]
[Site "?"]
[Date "1983.??.??"]
[Round "?.5"]
[White "Hess, C."]
[Black "Calvo Minguez, R."]
[Result "0-1"]
[WhiteElo "2230"]
[BlackElo "2420"]
[PlyCount "62"]
[EventDate "1983.??.??"]

1. d4 Nf6 2. c4 e6 3. g3 Bb4+ 4. Bd2 Be7 5. Bg2 d5 6. Nf3 c6 7. O-O O-O 8. Qb3
b6 9. Nc3 Ba6 10. cxd5 cxd5 11. Ne5 Nfd7 12. Nxd5 exd5 13. Nxf7 Rxf7 14. Bxd5
Nf6 15. Bxa8 Qxd4 16. Bc3 Qc4 17. Bxf6 Qxb3 18. axb3 Rxf6 19. Rfd1 Kf8 20. b4
Bxe2 21. Rd2 Ba6 22. b5 Bxb5 23. Rxa7 Nc6 24. Rc7 Re6 25. Kg2 Nb4 26. f4 Re3
27. Rc3 Re1 28. Rc7 Bd3 29. Bf3 Bc5 30. Rd1 Bf1+ 31. Kh1 Be2+ 0-1

[Event "BL 8384 Bayern-HSK"]
[Site "?"]
[Date "1983.??.??"]
[Round "?.6"]
[White "Klundt, K."]
[Black "Zieher, H."]
[Result "1/2-1/2"]
[WhiteElo "2340"]
[BlackElo "2235"]
[PlyCount "141"]
[EventDate "1983.??.??"]

1. e4 e5 2. Nf3 Nc6 3. Bb5 a6 4. Ba4 Nf6 5. O-O Be7 6. Re1 b5 7. Bb3 d6 8. c3
O-O 9. h3 Nb8 10. d4 Nbd7 11. Nbd2 Bb7 12. Bc2 c5 13. Nf1 Re8 14. Ng3 Bf8 15.
Bg5 h6 16. Bd2 Nb6 17. b3 g6 18. d5 a5 19. Bd3 Ba6 20. Qc1 Kh7 21. c4 b4 22. a4
Bc8 23. Nh2 Nbd7 24. Rf1 Ra7 25. Qc2 Ng8 26. Rae1 h5 27. f4 Bh6 28. f5 h4 29.
fxg6+ fxg6 30. Rf7+ Kh8 31. Ne2 Re7 32. Rf3 Nf8 33. Ref1 Nh7 34. Qc1 Kg7 35.
Kh1 Bxd2 36. Qxd2 Rf7 37. Ng1 Ngf6 38. Qf2 Ng5 39. Qxh4 Nxf3 40. Ngxf3 Qh8 41.
Qxh8+ Kxh8 42. Ng5 Rf8 43. g4 Kg7 44. Kg2 Re7 45. Nhf3 Ng8 46. Nd2 Ree8 47. Kg3
Rxf1 48. Nxf1 Rf8 49. Ne3 Nf6 50. Ng2 Kh6 51. Nf3 Nd7 52. g5+ Kg7 53. Nd2 Nb6
54. Ne3 Bd7 55. Bc2 Na8 56. h4 Rh8 57. Nf5+ gxf5 58. exf5 Nc7 59. Kg4 Ne8 60.
h5 Rf8 61. Nf3 Nf6+ 62. gxf6+ Kxf6 63. Nh4 Rh8 64. Be4 Rh6 65. Ng6 Be8 66. Kh4
Rh7 67. Kg4 Bf7 68. Kh4 Rh6 69. Kg4 Be8 70. Kh4 Bd7 71. Kg4 1/2-1/2

[Event "BL 8384 Bochum-Frankfurt"]
[Site "?"]
[Date "1983.??.??"]
[Round "?.2"]
[White "Budde, V."]
[Black "Flear, G."]
[Result "1/2-1/2"]
[WhiteElo "2355"]
[BlackElo "2380"]
[PlyCount "66"]
[EventDate "1983.??.??"]

1. d4 d5 2. c4 e6 3. Nc3 c6 4. cxd5 exd5 5. Bf4 Bf5 6. e3 Qb6 7. Qd2 Nf6 8. f3
h5 9. O-O-O Na6 10. Bd3 Bxd3 11. Qxd3 Be7 12. Nh3 Nb4 13. Qd2 O-O-O 14. Kb1 Bd6
15. Bg5 Be7 16. Bf4 Bd6 17. Bxd6 Rxd6 18. Nf4 Kb8 19. a3 Na6 20. e4 dxe4 21.
fxe4 Rhd8 22. Nfe2 R6d7 23. Qg5 Nc7 24. Qg3 Ka8 25. Qxg7 Ng4 26. Rd2 Na6 27.
Qh7 Ne3 28. Ka1 Nc4 29. Rc2 Qb3 30. Rhc1 Ne3 31. Rd2 Nc4 32. Rdc2 Ne3 33. Rd2
Nc4 1/2-1/2

[Event "BL 8384 Bochum-Frankfurt"]
[Site "?"]
[Date "1983.??.??"]
[Round "?.3"]
[White "Weidemann, J."]
[Black "Heinbuch, D."]
[Result "0-1"]
[WhiteElo "2290"]
[BlackElo "2280"]
[PlyCount "50"]
[EventDate "1983.??.??"]

1. e4 c5 2. b3 b6 3. Bc4 Bb7 4. Nf3 e6 5. Qe2 Be7 6. Bb2 Nf6 7. Nc3 O-O 8. e5
Ne8 9. Bd3 Nc6 10. h4 f5 11. exf6 Nxf6 12. Ne4 Nb4 13. Nxf6+ Bxf6 14. Ng5 h6
15. Bh7+ Kh8 16. c3 Bxg5 17. hxg5 Qxg5 18. Bb1 Qxg2 19. Rf1 Bf3 20. Qe5 Nc6 21.
Qd6 Rf7 22. Qd3 Rf5 23. c4 d5 24. cxd5 exd5 25. Qe3 d4 0-1